000 00619cam a22001933a 4500
001 40982
003 PGUSA
005 20140828083924.0
008 121008s2012||||xxu|||||s|||||000 | eng d
040 _aPGUSA
_beng
042 _adc
245 1 4 _aThe Miraculous Conception :
_bOr, The Divinity of Jesus Christ Considered as the Foundation of the Christian Religion
_h[electronic resource] /
_cAnonymous
260 _bProject Gutenberg,
_c2012
506 _aPublic domain in the USA.
516 _aElectronic text
830 0 _aProject Gutenberg
_v40982
856 4 0 _uhttp://www.gutenberg.org/ebooks/40982
942 _cEB
999 _c270234
_d270234